000 00682nam a2200241Ia 4500
005 20260430150042.0
008 008 250103s9999 xx 000 0 eng d
037 _aTheses
040 _aCRL
040 _beng
040 _ceng
041 _2eng
041 _aeng
084 _qCRL
100 _aGupta Niharika Au.; Verma Harsh V. Gu.
_91236311
245 0 _aRole of Justice in Service Failures and service Recovery: A Study of Third Paty Perspective
260 _c2022
300 _a277p.
650 _aManagement
700 _aUniversity of Delhi. Faculty of Management Studies. Deptt. of Management Studies
_91236312
942 _cTH
999 _c1848829
_d1848829